Biogas aus abfall und abwasser : erzeugung und verwertung im industriellen, kommunalen und landwirtschaftlichen bereich

Αποθηκεύτηκε σε:
Λεπτομέρειες βιβλιογραφικής εγγραφής
Άλλοι συγγραφείς: Mach, Rudolf E., Blickwedel, Peter T.
Μορφή: Βιβλίο
Γλώσσα:German
Δημοσίευση: Berlin : Schmidt, c1983
Σειρά:Abfallwirtschaft in Forschung und Praxis ; ; 11
Θέματα:
Ετικέτες: Προσθήκη ετικέτας
Δεν υπάρχουν, Καταχωρήστε ετικέτα πρώτοι!

MARC

LEADER 00000nam a2200000 i 4500
001 1/76937
008 970506s1983 ger d
020 |a 3-503-02311-9 
035 |l 10004145 
040 |a GR-MY-UA  |b gre  |e aacr 
041 0 |a ger 
082 0 |a 628.38 
245 1 0 |a Biogas aus abfall und abwasser :  |b erzeugung und verwertung im industriellen, kommunalen und landwirtschaftlichen bereich /  |c [Herausgegeben] von Rudolf E. Mach und Peter T. Blickwedel 
260 |a Berlin :   |b Schmidt,   |c c1983 
300 |a xv, 219 p.;  |c 22 cm 
490 1 |a Abfallwirtschaft in Forschung und Praxis  |v ; 11 
504 |a Includes bibliographical references and index 
650 0 0 |a Biogas  |x Congresses. 
650 0 0 |a Refuse as fuel  |x Congresses. 
700 1 |a Mach, Rudolf E. 
700 1 |a Blickwedel, Peter T. 
830 0 |a Abfallwirtschaft in Forschung und Praxis ;  |v ; 11 
852 |a INST  |b LESVOS  |e 19970506  |h 628.38 MAC  |p 005100011361  |q 005100011361  |t BK  |y 0 
909 |a Λ  |b 005147